| 000 | 00563nam a22001937a 4500 | ||
|---|---|---|---|
| 005 | 20170621122054.0 | ||
| 010 | _aENG-118835 | ||
| 020 |
_a8190205412 _c200.00 |
||
| 035 | _aEN-102367 | ||
| 037 | _bDBAD/PUB | ||
| 082 | _a155.413 | ||
| 100 | _aSingh, Vandana | ||
| 245 |
_aEnviromental & early cognitive development / _cby Vandana Singh |
||
| 260 |
_aJaipur _bNarayan Prakashan _c2017 |
||
| 270 | _aChaura Rasta, Jaipur | ||
| 300 |
_aviii,104 _c22cm.(Hb) |
||
| 500 | _aIncludes bibliographical refrence | ||
| 942 |
_2ddc _cEN _h155.413 _mSIN |
||
| 999 |
_c141648 _d141648 |
||